00991nam a22002297a 450000500170000001000170001702000260003403500170006003700120007708200080008910000210009724500760011826000290019427000600022330000260028350000370030970000220034694200220036899900170039095201750040795201790058220130816115405.0 aB-504818-819 a9780143414537c499.00 aB-504818-819 aKKP/VEN a881 aSouza, DE Eunice aThese My Words:bThe penguin book of indian poetry/cby Eunice DE Souza aNew DelhibPenguinc2012 a11 community centre, panchsheel parkbNew Delhie110017 axxx,446p.c15cm.(pbk) ainclude copyright acknowledments aSilgardo, Melanie 2ddccENmTHEh881 c78417d78417 001040708NFICaLbLd2013-08-16eKKP/BL2985/11.03.013/17/11.03.2013/0.03.2013g499.00l3o881 THEpB-504818r2024-11-25 00:00:00s2024-11-23t1v499.00w2013-08-16yEN 001040708NFICaBL4bBL4d2013-08-16eKKP/BL2985/11.03.013/17/11.03.2013/0.03.2013g499.00l3o881 THEpB-504819r2026-04-10 13:13:17s2026-03-27t1v499.00w2013-08-16yEN